[Event "Central-SRB chT 2018"]
[Site "Kragujevac"]
[Date "2018.09.17"]
[Round "5"]
[White "Dudukovic, Nikola"]
[Black "Cvetanovic, Uros"]
[Result "1-0"]
[WhiteElo "2404"]
[BlackElo "2295"]
[Annotator "TA"]
[PlyCount "101"]
[EventDate "2018.09.14"]
[EventType "team-tourn"]
[EventCountry "SRB"]
[SourceTitle "playchess.com"]
[Source "ChessBase"]
[SourceQuality "1"]

{[%evp 20,101,54,26,68,66,61,35,57,54,44,29,37,43,56,4,22,16,35,27,109,107,110,98,98,106,104,104,93,60,58,39,62,61,56,47,90,77,147,67,138,144,166,76,87,78,71,67,70,77,66,49,95,82,86,82,88,83,83,85,78,70,75,80,73,68,63,8,69,69,68,68,114,90,125,124,123,120,243,234,248,219,285,219]} 1. d4 Nf6 2. Nf3 d5 3. c4 c6 4. cxd5 cxd5 5. Nc3 e6 6. Bg5 Be7 7. e3 O-O 8. Bd3 b6 9. O-O Bb7 10. Rc1 Nbd7 11. Qb3 {LiveBook: 3 Games} Ne8 $146 {D51: Queen's Gambit Declined: 4 Bg5 Nbd7 sidelines} ({Predecessor:} 11... Ne4 12. Bf4 a6 13. Bxe4 dxe4 14. Nd2 Nf6 15. Bg5 Nd5 16. Bxe7 Qxe7 17. Ncxe4 f5 18. Ng3 f4 19. exf4 Nxf4 {½-½ (57) Krush,I (2461)-Finegold,B (2534) Lubbock 2010}) 12. Bxe7 Qxe7 13. a4 Nd6 {White is slightly better.} 14. Nb5 Nxb5 15. Bxb5 {Threatens to win with Rc7.} Rfc8 16. a5 bxa5 17. Bxd7 ({White should try} 17. Qa4 $14 Nf6 18. Qxa5) 17... Qxd7 18. Ne5 Qe7 19. Qb5 {[%mdl 1024] White has compensation.} Qb4 (19... Rxc1 $11 20. Rxc1 Qb4) 20. Qd7 $16 Rf8 21. Rc7 {[%cal Re5f7]} Bc8 22. Qc6 Qb6 23. Rc1 $1 Qxc6 24. Nxc6 {And now Ne7+ would win.} ({Much worse is} 24. R7xc6 Bb7 $11) (24. R1xc6 {with more complications.} f6 25. Nd3 Rb8 26. Rxa7 e5 27. Rcc7) 24... Ba6 25. Rc5 Bc4 26. Rxa5 a6 27. Rc5 f6 28. Rb7 Bb5 ({Better is} 28... Rae8) 29. h4 (29. Ne7+ $1 $16 Kh8 30. Rb6) 29... h5 {[#]} (29... Rf7 $14 30. Ne7+ Kf8) 30. Ne7+ $1 Kh7 {[#]} 31. e4 $1 {[%mdl 512]} Rab8 (31... dxe4 32. Rxh5#) 32. Rxb8 (32. Ra7 {keeps more tension.} Bc4 33. exd5 Bxd5 34. Rcc7 Ra8 35. Nxd5 Rxa7 36. Nxf6+ Rxf6 37. Rxa7 Rf4 38. g3) 32... Rxb8 33. exd5 exd5 34. Nxd5 {[%mdl 4096] Endgame KRB-KRN} Be8 35. Rc2 Bg6 36. Rd2 Rd8 37. Ne3 Kg8 38. d5 Kf8 39. Rd4 Rb8 {[#]} 40. b4 $1 Ke7 41. g4 Kd6 42. gxh5 Bxh5 43. f4 (43. Kg2 $14) 43... Bf7 (43... Kd7 $11) 44. Nf5+ $14 Kd7 45. Kf2 g6 46. Nh6 Bg8 47. Ng4 Rf8 48. Ne3 g5 (48... Rc8 $16 49. Ng4 Rf8) 49. h5 $18 {[%cal Bh4h5,Bh5h6][%mdl 32]} ({Don't take} 49. fxg5 $6 fxg5+ 50. Ke2 Rf4 $16) 49... Bf7 50. h6 Bh5 {If Black can now play ...Rh8 this consolidates a bit.} 51. d6 {Precision: White = 57%, Black = 36%.} 1-0

[Event "Central-SRB chT 2018"]
[Site "Kragujevac"]
[Date "2018.09.17"]
[Round "5"]
[White "Pavlovic, Dejan S"]
[Black "Nestorovic, Lazar"]
[Result "0-1"]
[WhiteElo "2396"]
[BlackElo "2353"]
[Annotator "TA"]
[PlyCount "80"]
[EventDate "2018.09.14"]
[EventType "team-tourn"]
[EventCountry "SRB"]
[SourceTitle "playchess.com"]
[Source "ChessBase"]
[SourceQuality "1"]

{[%evp 26,80,29,3,72,57,91,64,72,0,0,-25,10,-157,-149,-192,-198,-216,-216,-214,-212,-214,-204,-258,-202,-333,-322,-320,-320,-388,-391,-397,-404,-401,-387,-467,-467,-488,-483,-524,-528,-693,-603,-636,-418,-677,-507,-725,-524,-674,-681,-648,-577,-738,-736,-995,-1028]} 1. e4 c5 2. Nf3 d6 3. d4 cxd4 4. Nxd4 Nf6 5. Nc3 a6 6. Be2 e6 7. O-O Be7 8. f4 O-O 9. Be3 Nc6 10. Qe1 Qc7 11. Qg3 Bd7 12. Kh1 b5 13. e5 Ne8 14. Ne4 {LiveBook: 3 Partien. B85: Sizilianisch (Scheveninger System)} (14. Bd3 g6 15. Ne4 Rc8 16. Rad1 dxe5 17. fxe5 Ng7 18. Nf6+ Bxf6 19. exf6 Qxg3 20. hxg3 Nf5 21. Bxf5 exf5 {0-1 (50) Caruana,F (2709)-Mamedyarov,S (2763) Moscow 2010}) 14... Kh8 $146 (14... Rc8 $11 {hält das Gleichgewicht.}) ({Vorgänger:} 14... dxe5 15. fxe5 Nxd4 16. Bxd4 Bc6 17. Bd3 Bxe4 18. Bxe4 Rc8 19. a4 Bc5 20. Bxc5 Qxc5 21. axb5 axb5 {½-½ (40) Efimenko,Z (2546)-Sandipan,C (2452) Moscow 2002}) 15. Nf3 Nb4 16. Bd4 {Weiß steht besser.} d5 {[#]} 17. Nd6 ({Günstiger ist} 17. Nf6 $1 $16) 17... Qxc2 $11 18. Ng1 (18. f5 {is more complex.} Qxe2 19. Rae1 Qd3 20. Rd1 Qe2 21. Rde1) 18... Qg6 (18... Qc7 {is interesting.} 19. Rac1 Nc6 20. Nf3 Qd8 21. Bc5 Qb8) 19. Qc3 $2 (19. Qxg6 $1 $11 hxg6 20. Bc5 Bxd6 21. exd6) 19... Nxd6 $17 20. exd6 Bxd6 21. a3 Nc6 22. Bd3 Qh6 23. Be3 Rac8 24. Qe1 Qf6 25. Qg3 (25. Rb1 $142) 25... Qxb2 $19 26. Nf3 g6 ({Jedoch nicht} 26... Bxa3 27. Bd2 $19) 27. Rac1 Qg7 28. Qh4 Bxa3 29. Ra1 Be7 30. Qh3 Nb4 {[%cal Bc6b4,Bb4d3,Bd3c5][%mdl 32]} 31. Ne5 Nxd3 32. Nxd7 Rfd8 33. Nb6 Rc6 34. Rxa6 d4 35. Bg1 (35. Bd2 $142 Nb2 36. Qf3) 35... Nc5 {Schwarz steht klar auf Gewinn.} 36. Ra7 Bf6 37. Na8 b4 {[%cal Bb5b4,Bb4b3][%mdl 32]} 38. Nc7 b3 39. Qf3 Rb6 40. f5 gxf5 {Precision: Weiß = 28%, Schwarz = 49%.} 0-1

[Event "Central-SRB chT 2018"]
[Site "Kragujevac"]
[Date "2018.09.17"]
[Round "5"]
[White "Blesic, Vaso"]
[Black "Radivojevic, Ivan"]
[Result "1-0"]
[WhiteElo "2373"]
[BlackElo "2360"]
[Annotator "TA"]
[PlyCount "105"]
[EventDate "2018.09.14"]
[EventType "team-tourn"]
[EventCountry "SRB"]
[SourceTitle "playchess.com"]
[Source "ChessBase"]
[SourceQuality "1"]

{[%evp 31,105,20,31,0,28,24,45,0,0,0,52,66,92,112,109,85,171,154,285,186,182,175,159,185,179,159,170,195,181,188,182,186,176,177,172,110,445,467,448,383,370,368,429,444,461,447,464,464,467,409,462,458,428,426,417,346,554,545,537,489,657,365,937,877,892,892,29965,29955,29976,29977,29977,29978,29978,29979,29982,29983]} 1. e4 c6 2. d4 d5 3. Nc3 {[%cal Bb1c3,Bc3e4,Be4g5][%mdl 32]} dxe4 4. Nxe4 Nd7 5. Ng5 Ngf6 6. Bd3 e6 7. Qe2 Bd6 8. N1f3 h6 9. Ne4 Nxe4 10. Qxe4 Nf6 11. Qe2 Qc7 12. Bd2 b6 13. Ne5 Bb7 14. f4 O-O-O 15. O-O-O Kb8 16. Kb1 {B17: Caro-Kann: Modern Line (4...Nd7)} c5 {[#] LiveBook: 16 Games} 17. c3 $146 ({Predecessor:} 17. dxc5 Bxc5 18. Rhf1 Nd5 19. c4 Nb4 20. Bxb4 Bxb4 21. Be4 Bd6 22. Bxb7 Qxb7 23. g3 Rhe8 {0-1 (59) Bobras,P (2523)-Heberla,B (2553) Bialystok 2016}) 17... h5 18. Rhf1 {White has an edge.} Nd5 19. Be4 f5 20. Bf3 Nf6 (20... Bxe5 $11 21. dxe5 Ne7) 21. dxc5 $14 Bxe5 22. cxb6 ({Much worse is} 22. fxe5 Ne4 $11) 22... axb6 {[#] aiming for ...Bd6.} 23. fxe5 Ne4 (23... Be4+ $16 {might work better.} 24. Bxe4 Nxe4) 24. Be3 $18 Bd5 (24... Qc6 $16 {was worth a try.} 25. Rxd8+ (25. Bxh5 Rxd1+ 26. Rxd1 g5 $16) 25... Rxd8) 25. Qa6 Bc4 26. Qxb6+ Qxb6 27. Bxb6 Nd2+ 28. Kc1 {Hoping for Rh1.} Nxf1 29. Rxd8+ Rxd8 30. Bxd8 Nxh2 $16 {[%mdl 4096] Endgame [#] KBB-KBN} 31. b3 $1 {[%cal Rb3c4]} Bf1 32. Bxh5 Bxg2 33. Bf7 (33. Bf6 $18) 33... f4 $2 {[%mdl 8192]} (33... Kc8 $16) 34. Bxe6 $18 Be4 35. Kd1 Nf3 36. Be7 Kc7 37. Bd6+ Kc6 38. a4 Ng5 39. Bc4 Bf3+ 40. Ke1 Ne4 41. Bf8 Bg4 42. Bd3 Nxc3 43. Bxg7 Be6 $2 (43... f3 44. Kf2 Kc5) 44. Kd2 Nd5 45. Bf8 Nb6 46. Be4+ Kc7 $2 (46... Bd5) 47. Bd6+ Kd7 48. Bc5 Bxb3 49. Bxb6 {White mates.} Bxa4 50. Bd5 Bb5 51. Bc5 Kd8 52. e6 Be8 53. Bd6 {Precision: White = 75%, Black = 24%.} 1-0

[Event "Central-SRB chT 2018"]
[Site "Kragujevac"]
[Date "2018.09.17"]
[Round "5"]
[White "Zlatanovic, Boroljub"]
[Black "Biljanic, Ljubomir"]
[Result "1/2-1/2"]
[WhiteElo "2371"]
[BlackElo "2212"]
[Annotator "TA"]
[PlyCount "115"]
[EventDate "2018.09.14"]
[EventType "team-tourn"]
[EventCountry "SRB"]
[SourceTitle "playchess.com"]
[Source "ChessBase"]
[SourceQuality "1"]

{[%evp 14,115,52,42,59,54,63,61,58,39,49,18,25,31,40,9,27,21,15,0,3,0,0,0,0,0,0,0,15,0,0,0,41,0,69,0,0,4,41,40,47,25,31,19,21,22,44,35,130,130,130,131,130,130,148,140,151,152,175,170,235,159,168,100,94,85,79,89,85,77,97,105,112,91,116,75,93,77,97,93,138,125,187,182,199,40,102,8,8,8,8,8,8,0,0,0,0,0,0,-8,-8,-8,-8,-8]} 1. Nc3 Nf6 2. e4 d6 3. d4 e5 4. dxe5 dxe5 5. Qxd8+ Kxd8 6. Bc4 Ke8 {B07: Pirc Defence: Miscellaneous Systems} 7. f3 a6 8. Be3 {LiveBook: 3 Games} Nbd7 {White is slightly better.} 9. Nge2 {[%cal Bg1e2,Be2c1,Bc1d3,Bd3e5][%mdl 32]} Bc5 10. Nd1 Ke7 11. a4 $146 ({Predecessor:} 11. Nc1 Bxe3 12. Nxe3 Nb6 13. Nd3 Nfd7 14. Bb3 a5 15. a4 f6 {1-0 (33) Beliavsky,A (2660)-Miltner,A (2402) Germany 2005}) 11... a5 12. Nc1 Bxe3 13. Nxe3 Nc5 14. Ra3 Bd7 15. Bb5 c6 16. Nd3 Ncxe4 17. Bc4 Nd6 $1 18. Nxe5 Nxc4 19. N3xc4 Be6 20. Kf2 Rhd8 21. Re1 Nd5 22. Rb3 Rdb8 23. Kg3 Kf8 (23... g5 $11) 24. Re2 (24. Nxa5 $1 $14 Rxa5 25. Nxc6 $1 {[%mdl 512]}) 24... Ne7 $11 25. Rd3 $36 {[%mdl 2048] Black must now prevent Nb6. White is pushing.} Bxc4 (25... b5 {looks sharper.} 26. Nd7+ Bxd7 27. Rxd7 Re8 28. Na3 bxa4 29. Nc4 Rab8) 26. Nxc4 {Nb6 is the strong threat.} Nd5 27. Re5 Rd8 28. Rb3 Ra7 $1 29. Re4 g6 30. Rd4 Ke7 (30... Rd7 $14) 31. Nb6 $1 $16 Nc7 32. Rxd8 Kxd8 {[%mdl 4096] Endgame KRN-KRN} 33. Rd3+ Ke8 34. Nc8 Ra6 35. Nd6+ Kf8 36. Nxb7 Rb6 (36... Nd5 {was necessary.} 37. Nc5 Ra7) 37. Nxa5 {Threatens to win with Rd7.} Rxb2 38. Nxc6 ({White should try} 38. Rd8+ $18 Kg7 39. Rd7 (39. Nxc6 Rxc2 40. Nb4 Rb2 $16)) 38... Rxc2 39. Ne5 f6 40. Ng4 Ke7 41. Ra3 f5 42. Ne3 Rc5 43. f4 Kd7 44. Kf3 Kc6 45. Ke2 Kb6 46. Kd3 Ka5 {[#]} 47. Rc3 $1 {[%cal Rc3c5]} Rxc3+ (47... Kb6 $16 48. Nc4+ Ka7) 48. Kxc3 $18 Kxa4 $16 {KN-KN} 49. Kd4 $2 (49. g3 $18) 49... Kb3 $14 {[#]} 50. h4 (50. Nd5 $1 $16 {[%cal Rd5c7]} Ne6+ 51. Ke5) 50... Ne8 $1 $11 {The position is equal.} 51. Ke5 Kc3 $1 52. h5 Kd3 53. Nxf5 gxf5 54. Kxf5 {And now Ke5 would win.} Ng7+ 55. Kg5 Ke4 56. g3 Nf5 57. g4 Ne3 58. Kh6 {Precision: White = 50%, Black = 60%.} 1/2-1/2

[Event "Central-SRB chT 2018"]
[Site "Kragujevac"]
[Date "2018.09.17"]
[Round "5"]
[White "Ristic, Nenad"]
[Black "Atalik, Suat"]
[Result "0-1"]
[WhiteElo "2359"]
[BlackElo "2512"]
[Annotator "TA"]
[PlyCount "74"]
[EventDate "2018.09.14"]
[EventType "team-tourn"]
[EventCountry "SRB"]
[SourceTitle "playchess.com"]
[Source "ChessBase"]
[SourceQuality "1"]

{[%evp 18,74,10,3,2,5,23,-5,0,0,31,23,23,-8,0,-11,-8,-18,-8,-25,0,-32,0,-17,-16,-27,-24,-36,-24,-43,-20,-24,-22,-40,0,0,0,0,0,0,-3,-8,-7,-16,-16,-16,-8,-389,-299,-1052,-1039,-947,-934,-852,-810,-1505,-1423,-1351,-1333]} 1. e4 c6 2. Nc3 d5 3. Nf3 dxe4 4. Nxe4 Nf6 5. Nxf6+ exf6 6. Bc4 Bd6 7. Qe2+ Qe7 8. d4 {B11: Caro-Kann (Zweispringer-Variante)} (8. Qxe7+ Kxe7 9. O-O Rd8 10. d4 Bf5 11. c3 Kf8 12. Re1 Nd7 13. Nh4 Bc2 14. Re2 Bd1 15. Re1 Bc2 16. Re2 Bd1 17. Re1 {1-0 (17) Heimann,A (2590)-Li,C (2714) Dresden 2018}) 8... Qxe2+ 9. Bxe2 Bf5 10. c3 {LiveBook: 3 Partien. Die Stellung ist ausgeglichen.} Nd7 11. O-O Nb6 $146 ({Vorgänger:} 11... O-O 12. Be3 Rfe8 13. Rfe1 Nb6 14. c4 Na4 15. Nh4 Bd7 {½-½ (32) Liang,A (2483)-Prohaszka,P (2592) Fagernes 2017}) 12. Nd2 O-O-O 13. Nc4 h5 14. Nxb6+ axb6 15. Bc4 Be6 16. Bb3 Kc7 17. Be3 b5 18. Rfd1 Rhe8 19. Rd2 f5 {[%cal Bf6f5,Bf5f4][%mdl 32] [#] Und ...f4 würde nun gewinnen.} 20. Bxe6 Rxe6 21. Rd3 f4 22. Bd2 g5 23. Rd1 Be7 24. h4 f6 25. Kf1 Bd6 26. d5 Ree8 27. dxc6 Kxc6 28. Bc1 Bc7 29. Rxd8 Bxd8 30. Re1 Rxe1+ 31. Kxe1 $11 {[%mdl 4096] Endspiel KL-KL} f3 32. g3 $2 {[%mdl 8192]} (32. g4 $11 {und Weiss ist OK.} hxg4 33. h5) 32... Kd5 33. Kf1 $2 (33. hxg5 fxg5 34. Be3) 33... g4 $19 {Schwarz steht klar auf Gewinn.} 34. Be3 Kc4 35. Ke1 {[#]} Kd3 $1 {[%cal Rd3c2]} 36. Kd1 Bc7 37. Bc5 f5 {Precision: Weiß = 29%, Schwarz = 36%.} 0-1

[Event "Central-SRB chT 2018"]
[Site "Kragujevac"]
[Date "2018.09.17"]
[Round "5"]
[White "Mladenovic, Stefan"]
[Black "Stankovic, Milos"]
[Result "0-1"]
[WhiteElo "2355"]
[BlackElo "2443"]
[Annotator "TA"]
[PlyCount "110"]
[EventDate "2018.09.14"]
[EventType "team-tourn"]
[EventCountry "SRB"]
[SourceTitle "playchess.com"]
[Source "ChessBase"]
[SourceQuality "1"]

{[%evp 24,110,14,0,0,-6,-6,-6,-6,-3,-10,-10,-10,-4,-18,-16,-16,-18,-7,-6,0,0,0,0,0,0,0,0,0,-42,-38,-33,31,22,9,0,0,-16,36,38,88,98,178,79,79,35,55,0,0,0,0,0,0,0,0,0,48,48,179,56,82,68,215,216,207,220,221,221,221,221,221,220,220,220,218,218,209,0,0,0,0,-60,-60,-61,-63,-18,-34,-255,-240]} 1. d4 Nf6 2. Nf3 g6 3. Bf4 Bg7 4. e3 O-O 5. Be2 d6 6. h3 c5 7. c3 Qb6 8. Qb3 Be6 9. Qxb6 axb6 10. a3 Bd5 {A48: 1 d4 Nf6 2 Nf3 g6: Torre, London and Colle Systems} 11. Nbd2 Bc6 12. O-O Nbd7 {[%cal Bb8d7,Bd7b6,Bb6a4][%mdl 32]} 13. Rfe1 {LiveBook: 3 Games} Rfd8 14. Bh2 b5 15. Rad1 (15. Bf1 e5 16. e4 exd4 17. cxd4 d5 18. e5 {0-1 (54) Morozevich,A (2722)-Grischuk,A (2777) Loo 2014}) 15... c4 $146 ({Predecessor:} 15... Re8 16. e4 Nxe4 17. Nxe4 Bxe4 18. Ng5 {0-1 (51) Babarykin,S (2379)-Kozionov,K (2452) Sochi 2018}) 16. Bf1 Nb6 17. e4 Na4 18. Rb1 Bh6 19. g4 {Threatens to win with g5.} d5 20. exd5 Nxd5 21. g5 Bg7 22. Ne5 Bxe5 23. Rxe5 f6 24. Ree1 Bd7 {Black wants to play ...Bf5.} 25. Bg2 Bf5 26. Be4 Kf7 27. h4 h6 (27... Bxe4 $15 28. Nxe4 f5) 28. gxf6 $14 exf6 29. f3 h5 30. Nf1 {[#]} Ne7 (30... Naxc3 $1 $11 {[%mdl 512]} 31. Bxf5 (31. bxc3 Bxe4) 31... Nxb1 32. Be6+ Kg7 33. Rxb1 Ra6 34. Bxd5 Rxd5) 31. Ne3 Bc8 32. Re2 Nf5 (32... Be6 $16 {keeps fighting.}) 33. Nd5 (33. Rbe1 $1 $18 {has better winning chances.}) 33... Nxh4 $16 {...f5 would now be nice for Black.} 34. Nc7 (34. Bc7 $5 {[%cal Rc7d8]} Re8 35. Bg3 $16) 34... Ra5 35. Bd5+ (35. Rbe1 $14) 35... Rxd5 $1 $11 36. Nxd5 Be6 37. Nc7 Bf5 $1 {[%cal Rf5b1]} 38. Rc1 Nxf3+ 39. Kg2 Nxh2 (39... Nh4+ {is interesting.} 40. Kg1 Nf3+) 40. Kxh2 Bd3 ({Better is} 40... Bg4 $14 41. Rf2 g5) 41. Rf2 (41. Re8 $1 $18) 41... Nb6 42. Re1 {[%mdl 1024] aiming for d5. White has strong compensation.} f5 (42... b4 $14) 43. d5 $1 $18 {[%cal Bd4d5,Bd5d6][%mdl 32]} Na8 44. Ne8 $1 b4 45. d6 ({Avoid the trap} 45. cxb4 $2 Rxd5 46. b3 cxb3 $19) 45... Rd5 46. axb4 Nb6 47. Rf4 g5 48. Rd4 $1 {[%cal Rd4d5] Strongly threatening Rxd5.} Be4 49. Rxd5 Nxd5 {[%mdl 4096] Endgame KRN-KBN} 50. Nc7 $2 (50. d7 $18 Ke7 51. Nd6 $1 {[%mdl 512]}) 50... Nf6 $11 51. Rd1 {Black must now prevent d7.} Nd7 52. Rd4 ({White should play} 52. Nb5 $11) 52... h4 $1 $15 53. Kh3 $1 Bd3 54. Rd5 Kf6 55. Ne8+ $2 {[#]} ({White should try} 55. Rd4 $15) 55... Kg6 $1 {Precision: White = 58%, Black = 65%.} 0-1

[Event "Central-SRB chT 2018"]
[Site "Kragujevac"]
[Date "2018.09.17"]
[Round "5"]
[White "Savicevic, Vlatko"]
[Black "Soysal, Serkan"]
[Result "1/2-1/2"]
[WhiteElo "2338"]
[BlackElo "2404"]
[Annotator "RC"]
[PlyCount "39"]
[EventDate "2018.09.14"]
[EventType "team-tourn"]
[EventCountry "SRB"]
[SourceTitle "playchess.com"]
[Source "ChessBase"]
[SourceQuality "1"]
[TimeControl "40/5400+30:1800+30"]

1. e4 {[%emt 0:00:00]} e5 {[%emt 0:00:04]} 2. Nf3 {[%emt 0:00:22]} Nc6 {[%emt 0:00:03]} 3. Bb5 {[%emt 0:00:40]} Nf6 {[%emt 0:02:10]} 4. d3 {[%emt 0:04:21]} Bc5 {[%emt 0:00:28]} 5. Bxc6 {[%emt 0:00:34]} dxc6 {[%emt 0:00:19]} 6. Qe2 {[%emt 0:00:56]} Qe7 {[%emt 0:09:00]} 7. Nbd2 {[%emt 0:01:19]} Bg4 {[%emt 0:05:12]} 8. h3 {[%emt 0:03:37]} Bxf3 {[%emt 0:01:10]} 9. Nxf3 {[%emt 0:01:39]} Nd7 {[%emt 0:00:16]} 10. c3 {[%emt 0:13:35]} O-O {[%emt 0:04:23]} 11. O-O {[%emt 0:01:22]} a5 {[%emt 0:07:35]} 12. Be3 {[%emt 0:12:44]} Rfe8 {[%emt 0:01:55]} 13. Rfe1 {[%emt 0:01:17]} Rad8 {[%emt 0:00:48]} 14. Rad1 {[%emt 0:03:08]} Qe6 {[%emt 0:05:32]} 15. a3 {[%emt 0:05:58]} Bxe3 {[%emt 0:04:31]} 16. Qxe3 {[%emt 0:02:18]} Qb3 {[%emt 0:03:24]} 17. Rd2 {[%emt 0:01:03]} c5 {[%emt 0:03:01]} 18. Nh4 {[%emt 0:06:16]} Qb6 {[%emt 0:02:12]} 19. Nf5 {[%emt 0:07:15]} f6 20. Qg3 1/2-1/2

[Event "Central-SRB chT 2018"]
[Site "Kragujevac"]
[Date "2018.09.17"]
[Round "5"]
[White "Ilic, Zoran S"]
[Black "Gavrilovic, Leonardo"]
[Result "1-0"]
[WhiteElo "2307"]
[BlackElo "2243"]
[Annotator "TA"]
[PlyCount "91"]
[EventDate "2018.09.14"]
[EventType "team-tourn"]
[EventCountry "SRB"]
[SourceTitle "playchess.com"]
[Source "ChessBase"]
[SourceQuality "1"]

{[%evp 18,91,17,-12,10,10,9,18,14,6,11,8,8,1,16,0,20,0,6,-4,0,0,0,0,6,-22,0,0,9,14,24,14,26,37,40,22,29,27,153,40,187,164,413,413,418,400,510,515,631,662,647,641,726,741,718,697,758,755,1200,692,681,696,688,672,791,777,756,751,763,668,2736,2683,1787,1606,29995,906]} 1. d4 Nf6 2. Nf3 e6 3. c4 b6 4. g3 Ba6 5. b3 Bb4+ 6. Bd2 Be7 7. Bg2 Bb7 8. Nc3 O-O 9. O-O d5 10. Qc2 {LiveBook: 7 Partien. E15: Damenindisch (Hauptfortsetzung, Abweichungen)} (10. Ne5 c6 11. Bf4 Nfd7 12. Nf3 f5 13. Rc1 Nf6 14. Ne5 Nbd7 15. Nd3 Ne4 16. Nxe4 dxe4 17. Ne5 Bf6 {½-½ (40) Lintchevski,D (2548)-Alekseenko,K (2590) Khanty-Mansiysk 2017}) 10... c5 11. cxd5 exd5 12. Bf4 {Die Stellung ist ausgeglichen.} Nc6 13. Rfd1 Nxd4 $146 ({Vorgänger:} 13... cxd4 14. Nb5 Ne4 15. Nfxd4 Nxd4 16. Nxd4 Rc8 17. Qb2 Bf6 18. Rac1 Qd7 19. Be3 Rxc1 20. Rxc1 {½-½ (42) Bjerke,R (2141)-Elseth,R (2311) Drammen 2018}) 14. Nxd4 cxd4 15. Nb5 Rc8 16. Qb2 d3 17. Rxd3 Qd7 18. Nd4 Ne4 19. Be5 {Droht stark Lxg7!} f6 20. Bf4 Rfe8 21. Bf3 Bf8 22. Rdd1 Bb4 23. Rac1 Bc3 24. Qb1 g6 25. Qd3 a6 26. a4 Qe7 27. Be3 Kg7 {[#]} (27... f5 $11 {bleibt in der Remisbreite.}) 28. Rc2 (28. Bg4 $1 $16) 28... Rc7 (28... Bb4 $14) 29. Rdc1 $18 {Schwarz muss nun Lxe4 beachten.} Rec8 $2 {[#]} (29... Qb4 30. Bg2 Rcc8) 30. Bg4 $1 Bxd4 31. Bxc8 Rxc2 32. Rxc2 Bc5 33. Bxb7 Qxb7 34. f3 Bxe3+ 35. Qxe3 {[%mdl 4096] Endspiel KDT-KDS} Ng5 36. h4 Nf7 37. Qe8 g5 38. hxg5 fxg5 39. Qc6 Qb8 40. Qc7 Qe8 41. Qxb6 Qe5 42. Kf2 d4 43. Rc4 Qf5 44. Qxd4+ Kf8 45. Qc5+ Ke8 46. Ke1 {Precision: Weiß = 60%, Schwarz = 20%.} (46. Qxf5 $142 Nd6 47. Qe6+ Kd8 48. Qxd6+ Ke8 49. Rc7 h5 50. Qe7#) 1-0

[Event "Central-SRB chT 2018"]
[Site "Kragujevac"]
[Date "2018.09.17"]
[Round "5"]
[White "Mirkovic, Stevan"]
[Black "Rajkovic, Dusan"]
[Result "0-1"]
[WhiteElo "2307"]
[BlackElo "2322"]
[Annotator "TA"]
[PlyCount "68"]
[EventDate "2018.09.14"]
[EventType "team-tourn"]
[EventCountry "SRB"]
[SourceTitle "playchess.com"]
[Source "ChessBase"]
[SourceQuality "1"]

{[%evp 26,68,43,39,66,40,47,37,54,37,46,39,39,29,45,-33,-29,-39,-39,-38,-35,-372,-371,-507,-485,-475,-462,-547,-529,-884,-884,-862,-717,-1843,-1842,-2651,-2441,-29989,-29990,-29990,-29991,-29991,-29992,-29992,-29993]} 1. Nf3 Nf6 2. c4 c5 3. Nc3 b6 4. d4 cxd4 5. Nxd4 Bb7 6. f3 d6 7. e4 e6 8. Be3 Be7 9. Be2 O-O 10. O-O a6 11. Qd2 Nbd7 12. Rac1 Qc7 {A31: Symmetrical English: 2 Nf3 Nf6 3 d4} (12... Rc8 13. Rfd1 Qc7 14. Kh1 Qb8 15. b4 Rfe8 16. Bf1 Bd8 17. Bg1 Kh8 18. Na4 Bc7 19. Rc2 h6 20. c5 b5 21. c6 bxa4 {1-0 (42) Bu,X (2697)-Jumabayev,R (2625) Chengdu 2017}) 13. a3 Rac8 14. b4 {[#] LiveBook: 178 Games} Ne5 $146 {White is slightly better.} ({Predecessor:} 14... Qb8 15. Rc2 Rfe8 16. Kh1 {1-0 (55) Nasuta,G (2491)-Markowski,T (2561) Suwalki 2018}) 15. Rc2 Qb8 ({Don't go for} 15... Nxc4 $2 16. Bxc4 d5 17. Bxd5 $18) 16. Na4 Nfd7 17. Rb1 Rfe8 18. Kh1 h6 19. Qc1 Bf6 20. Qg1 ({White should try} 20. c5 $14) 20... d5 $15 21. exd5 exd5 {[%cal Re5c4,Be6d5,Bd5d4][%mdl 32]} 22. c5 b5 $36 {[%mdl 2048] White is under pressure.} 23. Nxb5 $2 {[%mdl 8192]} (23. Nc3 $15) 23... axb5 $19 24. Bxb5 {[#]} Nxf3 $1 {[%mdl 512]} 25. gxf3 {Hoping for Bxh6.} d4 $1 26. Qg3 Rxe3 27. c6 Ne5 28. Nb6 Bxc6 29. Nxc8 Qxb5 30. Rg2 Bxf3 31. Nd6 Qd3 {Black mates.} 32. Rbg1 Re2 33. Ne8 Rxg2 34. Nxf6+ Kh8 {Precision: White = 25%, Black = 80%.} 0-1